Paul : (Record no. 10186)

MARC details
000 -LEADER
fixed length control field 00708cam a2200229Ma 4500
001 - CONTROL NUMBER
control field 62299063
003 - CONTROL NUMBER IDENTIFIER
control field OCoLC
005 - DATE AND TIME OF LATEST TRANSACTION
control field 20241126110727.0
008 - FIXED-LENGTH DATA ELEMENTS--GENERAL INFORMATION
fixed length control field 051117s2005 enkb 000 0 eng d
020 ## - INTERNATIONAL STANDARD BOOK NUMBER
International Standard Book Number 0281057397
020 ## - INTERNATIONAL STANDARD BOOK NUMBER
International Standard Book Number 9780281057399
040 ## - CATALOGING SOURCE
Original cataloging agency EQO
Transcribing agency EQO
Modifying agency MZN
082 ## - DEWEY DECIMAL CLASSIFICATION NUMBER
Classification number 227.06
Item number WRI
090 ## - LOCALLY ASSIGNED LC-TYPE CALL NUMBER (OCLC); LOCAL CALL NUMBER (RLIN)
Classification number (OCLC) (R) ; Classification number, CALL (RLIN) (NR) BS2655.E7
Local cutter number (OCLC) ; Book number/undivided call number, CALL (RLIN) W75 2005
100 1# - MAIN ENTRY--PERSONAL NAME
Personal name Wright, N. T.
Fuller form of name (Nicholas Thomas)
9 (RLIN) 2760
245 10 - TITLE STATEMENT
Title Paul :
Remainder of title fresh perspectives /
Statement of responsibility, etc. N.T. Wright
260 ## - PUBLICATION, DISTRIBUTION, ETC.
Place of publication, distribution, etc. London :
Name of publisher, distributor, etc. SPCK,
Date of publication, distribution, etc. 2005
300 ## - PHYSICAL DESCRIPTION
Extent xii, 195 p. :
Other physical details map ;
Dimensions 22 cm
630 00 - SUBJECT ADDED ENTRY--UNIFORM TITLE
Uniform title Bible.
Name of part/section of a work Epistles of Paul
General subdivision Criticism, interpretation, etc
9 (RLIN) 2197
710 2# - ADDED ENTRY--CORPORATE NAME
Corporate name or jurisdiction name as entry element Society for Promoting Christian Knowledge (Great Britain)
9 (RLIN) 1722
942 ## - ADDED ENTRY ELEMENTS (KOHA)
Source of classification or shelving scheme Dewey Decimal Classification
Koha item type Books
Koha issues (borrowed), all copies 2
Holdings
Withdrawn status Lost status Source of classification or shelving scheme Damaged status Not for loan Home library Current Library Shelving location Date acquired Total checkouts Total renewals Full call number Barcode Date last seen Date last checked out Copy number Price effective from Koha item type
    Dewey Decimal Classification     GRACE BIBLE COLLEGE GRACE BIBLE COLLEGE Biblical Studies 2024-04-16 5 1 227.06 WRI 016728 2025-08-26 2025-08-22 c.1 2024-04-16 Books
© Grace Bible College Library 2025